MARC

LEADER 00000nam0a2200000 4500
001 188352
005 20231031174955.0
029 1 0 |a RU  |b IV-14-82  |c  СНиП 
035 |a (RuTPU)RU\TPU\book\204593 
090 |a 188352 
100 |a 20101208d1983 k y0rusy50 ca 
101 0 |a rus 
102 |a RU 
105 |a a l 000zy 
200 1 |a Заполнение оконных премов стальными переплетами. Сб. 1-9.1. СНиП IV-14-82  |f Государственный комитет Совета Министров СССР по делам строительства (Госстрой СССР) 
205 |a Офиц. изд. 
210 |a Москва  |c Стройиздат  |d 1983 
215 |a 199 с.  |c табл. 
225 1 |a Строительные нормы и правила 
225 1 |a Сборники укрупненных сметных норм. Конструкции и виды работ производственного строительства 
229 |a Утверждены постановлением Государственного комитета СССР по делам строительства от 31 декабря 1982 г. № 349 
610 1 |a строительство 
610 1 |a СНиПы 
610 1 |a строительные нормы и правила 
610 1 |a сметные нормы 
610 1 |a укрупненные нормы 
610 1 |a оконные проемы 
610 1 |a стальные переплеты 
675 |a 69  |v 3 
712 0 1 |a СССР  |b Государственный комитет по делам строительства (Госстрой СССР)  |c (1950-1991)  |2 stltpush  |3 (RuTPU)RU\TPU\col\7934 
801 1 |a RU  |b 63413507  |c 20030819  |g PSBO 
801 2 |a RU  |b 63413507  |c 20221208  |g PSBO 
942 |c BK